MIS INSTRUCTOR'S EDITION (Record no. 202478)

MARC details
000 -LEADER
fixed length control field 00267nam a2200121Ia 4500
003 - CONTROL NUMBER IDENTIFIER
control field OSt
005 - DATE AND TIME OF LATEST TRANSACTION
control field 20240813123915.0
040 ## - CATALOGING SOURCE
Transcribing agency LIBRARY OF CONGRESS
050 ## - LIBRARY OF CONGRESS CALL NUMBER
Classification number T58.6 .B3 2012
100 ## - MAIN ENTRY--PERSONAL NAME
Personal name BIDGOLI HOSSEIN
245 #0 - TITLE STATEMENT
Title MIS INSTRUCTOR'S EDITION
942 ## - ADDED ENTRY ELEMENTS (KOHA)
Koha item type Long Loan Book
Source of classification or shelving scheme Dewey Decimal Classification
Holdings
Withdrawn status Lost status Source of classification or shelving scheme Damaged status Not for loan Collection Home library Current library Shelving location Date acquired Inventory number Total checkouts Full call number Barcode Date last seen Copy number Price effective from Koha item type
    Library of Congress Classification     Science & Technology Kisii University Library Kisii University Library On Display 09/15/2023 76522   T 58.6 .B53 2012 036511 09/15/2023 1 09/15/2023 Long Loan Book